Riconosci lo Stato - Quiz n°72 - Statistics

Statistiche generali
  • Questo quiz è stato fatto 91 volte
  • Il punteggio medio è 10 su 13
Statistiche sulle risposte
Indizio Risposta % Corretto
Iniziale della Capitale P
92%
Re Carlo III Governatore generale: Bob Dadae
90%
Valuta Kina
88%
Popolazione 9 311 874 ab.
85%
Fuso Orario UTC+10
83%
Indipendenza 16 settembre 1975, dall'Australia
80%
Superficie 462 840 km²
80%
ISU 0,558
73%
Primo ministro James Marape
72%
Forma di Governo Monarchia parlamentare (Reame del Commonwealth)
72%
PIL (nominale) 15 134 milioni di $
67%
Tasso di crescita 1,86%
62%
Risposta Papua Nuova Guinea
48%
Nessun quiz corrispondente trovato
Distribuzione punteggi
Percentuale di utenti per punteggio
Percentile per numero di risposta
I tuoi punteggi nel tempo
Non hai fatto questo quiz